000
00286nam a2200085Ia 4500
245
0
_a
The power of body language : how to succeed in every business and social encounter
100
_a
Reiman, Tonya New York, 2009
_9
76559
942
_c
BK
008
210819s9999 xx 000 0 und d
999
_c
284901
_d
284900